| 000 -LEADER |
| fixed length control field |
01783cam a2200361 i 4500 |
| 001 - CONTROL NUMBER |
| control field |
19861765 |
| 005 - DATE AND TIME OF LATEST TRANSACTION |
| control field |
20220714113446.0 |
| 008 - FIXED-LENGTH DATA ELEMENTS--GENERAL INFORMATION |
| fixed length control field |
170803s2018 enk f 000 0 eng |
| 010 ## - LIBRARY OF CONGRESS CONTROL NUMBER |
| LC control number |
2017025126 |
| 020 ## - INTERNATIONAL STANDARD BOOK NUMBER |
| International Standard Book Number |
9780367355678 (hbk) |
| 020 ## - INTERNATIONAL STANDARD BOOK NUMBER |
| International Standard Book Number |
9780367355692 (pbk.) |
| 020 ## - INTERNATIONAL STANDARD BOOK NUMBER |
| Canceled/invalid ISBN |
9780429340321(ebk) |
| 040 ## - CATALOGING SOURCE |
| Original cataloging agency |
DLC |
| Language of cataloging |
eng |
| Transcribing agency |
DLC |
| Description conventions |
rda |
| Modifying agency |
DLC |
| 042 ## - AUTHENTICATION CODE |
| Authentication code |
pcc |
| 050 00 - LIBRARY OF CONGRESS CALL NUMBER |
| Classification number |
HA32 |
| Item number |
.C76 2018 |
| 080 ## - UNIVERSAL DECIMAL CLASSIFICATION NUMBER |
| Universal Decimal Classification number |
004+311(075) C-90 |
| 100 1# - MAIN ENTRY--PERSONAL NAME |
| Personal name |
Cronk, Brian C. (Brian Christopher), |
| Relator term |
author. |
| 9 (RLIN) |
14388 |
| 245 10 - TITLE STATEMENT |
| Title |
How to use SPSS : |
| Remainder of title |
a step-by-step guide to analysis and interpretation / |
| Statement of responsibility, etc. |
Brian C. Cronk. |
| 250 ## - EDITION STATEMENT |
| Edition statement |
Elevnth edition |
| 264 #1 - PRODUCTION, PUBLICATION, DISTRIBUTION, MANUFACTURE, AND COPYRIGHT NOTICE |
| Place of production, publication, distribution, manufacture |
New York : |
| Name of producer, publisher, distributor, manufacturer |
Routledge, Taylor & Francis Group, |
| Date of production, publication, distribution, manufacture, or copyright notice |
2020. |
| 300 ## - PHYSICAL DESCRIPTION |
| Extent |
xi, 218 pages ; |
| Dimensions |
28 cm |
| 336 ## - CONTENT TYPE |
| Content type term |
text |
| Content type code |
txt |
| Source |
rdacontent |
| 337 ## - MEDIA TYPE |
| Media type term |
unmediated |
| Media type code |
n |
| Source |
rdamedia |
| 338 ## - CARRIER TYPE |
| Carrier type term |
volume |
| Carrier type code |
nc |
| Source |
rdacarrier |
| 505 0# - FORMATTED CONTENTS NOTE |
| Formatted contents note |
Getting started -- Entering and modifying data -- Descriptive statistics -- Graphing data -- Prediction and association -- Basic parametric inferential statistics and t-tests -- Anova models -- Nonparametric inferential statistics -- Test construction. |
| 630 00 - SUBJECT ADDED ENTRY--UNIFORM TITLE |
| Uniform title |
SPSS for Windows |
| Form subdivision |
Handbooks, manuals, etc. |
| 9 (RLIN) |
14389 |
| 650 #0 - SUBJECT ADDED ENTRY--TOPICAL TERM |
| Topical term or geographic name entry element |
Social sciences |
| General subdivision |
Statistical methods |
| -- |
Computer programs |
| Form subdivision |
Handbooks, manuals, etc. |
| 9 (RLIN) |
14390 |
| 650 #0 - SUBJECT ADDED ENTRY--TOPICAL TERM |
| Topical term or geographic name entry element |
სოციალური მეცნიერებები სტატისტიკური მეთოდები |
| 9 (RLIN) |
14391 |
| 650 #0 - SUBJECT ADDED ENTRY--TOPICAL TERM |
| Topical term or geographic name entry element |
კომპიუტერული პროგრამები სახელმძღვანელოები, |
| 9 (RLIN) |
14392 |
| 906 ## - LOCAL DATA ELEMENT F, LDF (RLIN) |
| a |
0 |
| b |
vip |
| c |
orignew |
| d |
1 |
| e |
ecip |
| f |
20 |
| g |
y-gencatlg |
| 942 ## - ADDED ENTRY ELEMENTS (KOHA) |
| Source of classification or shelving scheme |
|
| Koha item type |
წიგნი |